| 000 | 00446nam a2200169 a 4500 | ||
|---|---|---|---|
| 005 | 20140310183259.0 | ||
| 008 | 050728s19uu xx 00 eng d | ||
| 020 | _a038089968 | ||
| 050 |
_aPZ 7 _b.P635 1986 |
||
| 100 | _aPike, Christopher | ||
| 245 |
_aChain letter / _cChristopher Pike. |
||
| 260 |
_aNew York : _bAVON Books, _c1986. |
||
| 300 |
_a185 p. : _c17 cm. |
||
| 650 |
_aChain letter _xFiction. |
||
| 942 |
_cBK _2lcc |
||
| 999 |
_c20924 _d20924 |
||